=LDR 00000nam 2200000 4500 =001 INLIS000000000058216 =005 20260421125107 =035 ##$$a 0010-0921000020 =007 ta =008 260421################g##########0#eng## =082 ##$$a 344.046 =084 ##$$a 344.046 SIT e =245 #4$$a The Toba Batak : $b fighting for enviromental justice (1988 to 2003) /$c Abdul Wahib Situmorang =300 ##$$a xiv, 208 halaman ; $c 21 cm =650 #4$$a Lingkungan - Hukum =264 ##$$a Jakarta :$b Walhi,$c 2005 =336 ##$$a teks$2 rdacontent =337 ##$$a tanpa perantara$2 rdamedia =338 ##$$a volume$2 rdacarrier =020 ##$$a 979-8071-57-9 =990 ##$$a 3202100799